General Knowledge Quiz 201 - Statistics

General Stats
  • This quiz has been taken 58 times
  • The average score is 6 of 15
Answer Stats
Hint Answer % Correct
What is the name of the rubber disc used in ice hockey? Puck
92%
Briscola, Scopa, and Tresette are card games from which country? Italy
75%
What is both a Native American tribe from Nebraska and a beach used in Operation Overlord in WW2? Omaha
58%
What Irish musician starred in Pink Floyd's movie The Wall, as well as founding Band Aid? Bob Geldof
50%
What color precedes 'Free State' to form the name of a historic Boer republic in Southern Africa? Orange
48%
What cartoon character is Dan Castellaneta best known for voicing? Homer Simpson
38%
What type of plant is Ficus lyrata, commonly known as the fiddle-leaf ___? Fig
35%
What are the seeds of apricots usually called? Stones
35%
Beginning with C, what type of trees are mainly found in boreal forests? Coniferous
33%
What is the central Asian city of Pishpek now known as? Bishkek
31%
What Asian country punishes flag desecration with up to 5 years in prison, or up to ₩7 million fine? South Korea
31%
What is the literal translation of Beijing? Northern capital
17%
3 Idiots is a comedy-drama film from which country? India
13%
Who wrote The Edible Woman, The Robber Bride, and The Blind Assassin? Margaret Atwood
13%
What group of islands, within French Polynesia, does Tahiti belong to? Windward Islands
8%
No matching quizzes found
Score Distribution
Percent of People with Each Score
Percentile by Number Answered
Your Score History
You have not taken this quiz